Možnosti využitia výpočtovej techniky pre zefektívnenie činnosti odboru obchodu a cestovného ruchu ONV Lúčenec záverečná práca postgraduálneho štúdia

Na minha lista:
Detalhes bibliográficos
Autor principal: Knisa, Ján
Autor Corporativo: Vysoká škola ekonomická v Bratislave
Outros Autores: Patúš, Ján
Formato: Livro
Idioma:eslovaco
Publicado em: Banská Bystrica 1989
Tags: Adicionar Tag
Sem tags, seja o primeiro a adicionar uma tag!

MARC

LEADER 00000nam a2200000 4500
001 c028350
005 20221215070925.9
041 0 |a slo 
044 |a SK 
245 1 0 |a Možnosti využitia výpočtovej techniky pre zefektívnenie činnosti odboru obchodu a cestovného ruchu ONV Lúčenec  |b záverečná práca postgraduálneho štúdia  |c Ján Knisa ; Ved. práce Ján Patúš 
264 1 |a Banská Bystrica  |c 1989 
300 |a 33 s. 
100 1 |a Knisa, Ján 
700 1 |a Patúš, Ján 
710 2 |a Vysoká škola ekonomická v Bratislave